| 000 | 00818nam a22002177a 4500 | ||
|---|---|---|---|
| 005 | 20240530110935.0 | ||
| 008 | 191125s1993 ua f b 000 0 ara d | ||
| 017 |
_a1992/9127 _bمصر. دار الكتب |
||
| 020 | _a9770131768 | ||
| 040 |
_aEG-CaGPL _cEG-CaGPL |
||
| 082 | 0 | 4 |
_221 _a379 _bق/م ت |
| 100 | 0 | _aمحمد ابوالاسعاد | |
| 245 | 1 | 0 |
_aتطور الحركة النقابية : _bللمعلمين المصريين 1951-1981/ _cمحمد ابوالاسعاد |
| 260 |
_aالقاهرة : _bالهيئة المصرية العامة للكتاب، _c1993 |
||
| 300 |
_a119ص. : _bايض. ؛ _c24 سم. |
||
| 650 | 0 | 7 |
_2qrmak _aالنقابات المهنية _zمصر |
| 650 | 0 | 7 | _aنقابة المعلمين |
| 651 | _2qrmak | ||
| 942 |
_2ddc _cBK |
||
| 999 |
_c66728 _d66728 |
||